ბათუმის შოთა რუსთაველის სახელმწიფო უნივერსიტეტის ბიბლიოთეკა

Огнестойкие турбинные масла. (ბიბ.ჩანაწერი № 46852)

000 -LEADER
fixed length control field 00525nam a2200193Ia 4500
001 - CONTROL NUMBER
control field 13704
003 - CONTROL NUMBER IDENTIFIER
control field GE_BSU
008 - FIXED-LENGTH DATA ELEMENTS--GENERAL INFORMATION
fixed length control field 181216s||||||||xx |||||||||||||| ||und||
040 ## - CATALOGING SOURCE
Transcribing agency GE_BSU
080 ## - UNIVERSAL DECIMAL CLASSIFICATION NUMBER
Universal Decimal Classification number 621.892.028
245 ## - TITLE STATEMENT
Title Огнестойкие турбинные масла.
245 ## - TITLE STATEMENT
Statement of responsibility, etc. Под ред. К.И.Иванова.
260 ## - PUBLICATION, DISTRIBUTION, ETC.
Place of publication, distribution, etc. М.
260 ## - PUBLICATION, DISTRIBUTION, ETC.
Name of publisher, distributor, etc. Химия.
260 ## - PUBLICATION, DISTRIBUTION, ETC.
Date of publication, distribution, etc. 1974.
300 ## - PHYSICAL DESCRIPTION
Extent 168стр. 22 см. с илл.
653 ## - INDEX TERM--UNCONTROLLED
Uncontrolled term Огнестойкие турбинные масла.
942 ## - ADDED ENTRY ELEMENTS (KOHA)
Koha item type წიგნი
ეგზემპლარები
Withdrawn status Lost status Damaged status Not for loan Date acquired Barcode Date last seen Price effective from Koha item type
        2018-12-17 9651 2018-12-17 2018-12-17 წიგნი
        2018-12-17 9652 2018-12-17 2018-12-17 წიგნი